[Event "World Cup 2023 Open"]
[Site "Baku, Azerbaijan"]
[Date "2023.08.05"]
[Round "20.4"]
[White "Mamedov Rauf (AZE)"]
[Black "Nepomniachtchi Ian (FID)"]
[Result "1/2-1/2"]
[WhiteFideId "13401653"]
[BlackFideId "4168119"]
[WhiteElo "2636"]
[BlackElo "2779"]

1. e4 {[%clk 01:30:54]} {[%emt 00:00:05]} c5 {[%clk 01:30:31]} {[%emt
00:00:29]} 2. Nf3 {[%clk 01:31:20]} {[%emt 00:00:04]} d6 {[%clk 01:30:57]}
{[%emt 00:00:04]} 3. Bb5+ {[%clk 01:31:48]} {[%emt 00:00:03]} Nd7 {[%clk
01:30:50]} {[%emt 00:00:36]} 4. c4 {[%clk 01:30:33]} {[%emt 00:01:45]} Ngf6
{[%clk 01:27:51]} {[%emt 00:03:28]} 5. Nc3 {[%clk 01:29:55]} {[%emt 00:01:09]}
e6 {[%clk 01:27:53]} {[%emt 00:00:28]} 6. d4 {[%clk 01:28:14]} {[%emt
00:02:11]} cxd4 {[%clk 01:27:37]} {[%emt 00:00:46]} 7. Qxd4 {[%clk 01:27:42]}
{[%emt 00:01:03]} Be7 {[%clk 01:27:32]} {[%emt 00:00:34]} 8. Bg5 {[%clk
01:22:56]} {[%emt 00:05:16]} O-O {[%clk 01:27:12]} {[%emt 00:00:50]} 9. Bxd7
{[%clk 01:12:26]} {[%emt 00:11:00]} Bxd7 {[%clk 01:23:18]} {[%emt 00:04:24]} 10.
O-O {[%clk 01:12:01]} {[%emt 00:00:55]} Bc6 {[%clk 01:15:19]} {[%emt 00:08:29]}
11. Rfe1 {[%clk 01:11:17]} {[%emt 00:01:14]} h6 {[%clk 01:11:44]} {[%emt
00:04:04]} 12. Bh4 {[%clk 01:10:09]} {[%emt 00:01:38]} a6 {[%clk 01:12:07]}
{[%emt 00:00:07]} 13. Rad1 {[%clk 01:02:08]} {[%emt 00:08:32]} Qa5 {[%clk
01:03:32]} {[%emt 00:09:05]} 14. Qd2 {[%clk 00:55:01]} {[%emt 00:07:37]} Qc5
{[%clk 01:01:20]} {[%emt 00:02:42]} 15. Rc1 {[%clk 00:51:31]} {[%emt 00:04:00]}
Qh5 {[%clk 00:55:14]} {[%emt 00:06:35]} 16. Nd5 {[%clk 00:38:12]} {[%emt
00:13:49]} exd5 {[%clk 00:53:29]} {[%emt 00:02:16]} 17. exd5 {[%clk 00:36:36]}
{[%emt 00:02:06]} Bxd5 {[%clk 00:53:52]} {[%emt 00:00:07]} 18. cxd5 {[%clk
00:36:59]} {[%emt 00:00:08]} Rae8 {[%clk 00:54:02]} {[%emt 00:00:19]} 19. h3
{[%clk 00:29:33]} {[%emt 00:07:56]} Bd8 {[%clk 00:50:24]} {[%emt 00:04:07]} 20.
Rxe8 {[%clk 00:22:27]} {[%emt 00:07:37]} Rxe8 {[%clk 00:50:18]} {[%emt
00:00:36]} 21. Bxf6 {[%clk 00:22:52]} {[%emt 00:00:06]} Bxf6 {[%clk 00:50:40]}
{[%emt 00:00:08]} 22. Qd3 {[%clk 00:23:15]} {[%emt 00:00:07]} Qg6 {[%clk
00:47:06]} {[%emt 00:04:03]} 23. Qxg6 {[%clk 00:22:49]} {[%emt 00:00:55]} fxg6
{[%clk 00:47:33]} {[%emt 00:00:04]} 24. Rc2 {[%clk 00:19:40]} {[%emt 00:03:40]}
Re4 {[%clk 00:43:19]} {[%emt 00:04:43]} 25. b3 {[%clk 00:19:36]} {[%emt
00:00:33]} Rb4 {[%clk 00:43:16]} {[%emt 00:00:33]} 26. Kf1 {[%clk 00:16:58]}
{[%emt 00:03:09]} Rb5 {[%clk 00:43:01]} {[%emt 00:00:44]} 27. Rc7 {[%clk
00:17:24]} {[%emt 00:00:04]} Kf8 {[%clk 00:42:49]} {[%emt 00:00:42]} 28. Nd2
{[%clk 00:12:44]} {[%emt 00:05:10]} Rxd5 {[%clk 00:35:14]} {[%emt 00:08:04]} 29.
Ne4 {[%clk 00:11:40]} {[%emt 00:01:34]} b5 {[%clk 00:34:47]} {[%emt 00:00:57]}
30. Nxf6 {[%clk 00:11:11]} {[%emt 00:00:59]} gxf6 {[%clk 00:35:12]} {[%emt
00:00:05]} 31. Ra7 {[%clk 00:11:38]} {[%emt 00:00:04]} Rd2 {[%clk 00:35:33]}
{[%emt 00:00:09]} 1/2-1/2

[Event "World Cup 2023 Open"]
[Site "Baku, Azerbaijan"]
[Date "2023.08.05"]
[Round "20.9"]
[White "Tin Jingyao (SGP)"]
[Black "Svane Rasmus (GER)"]
[Result "0-1"]
[WhiteFideId "5804418"]
[BlackFideId "4657101"]
[WhiteElo "2573"]
[BlackElo "2625"]

1. d4 {[%clk 01:30:55]} {[%emt 00:00:04]} Nf6 {[%clk 01:30:52]} {[%emt
00:00:08]} 2. c4 {[%clk 01:31:19]} {[%emt 00:00:06]} e6 {[%clk 01:31:16]}
{[%emt 00:00:05]} 3. Nc3 {[%clk 01:31:23]} {[%emt 00:00:26]} Bb4 {[%clk
01:31:41]} {[%emt 00:00:06]} 4. e3 {[%clk 01:31:43]} {[%emt 00:00:09]} O-O
{[%clk 01:31:56]} {[%emt 00:00:15]} 5. Bd3 {[%clk 01:32:00]} {[%emt 00:00:14]}
c5 {[%clk 01:32:18]} {[%emt 00:00:08]} 6. Nge2 {[%clk 01:27:57]} {[%emt
00:04:32]} d5 {[%clk 01:31:09]} {[%emt 00:01:39]} 7. a3 {[%clk 01:27:34]}
{[%emt 00:00:54]} cxd4 {[%clk 01:30:03]} {[%emt 00:01:36]} 8. axb4 {[%clk
01:25:33]} {[%emt 00:02:30]} dxc3 {[%clk 01:30:26]} {[%emt 00:00:07]} 9. Nxc3
{[%clk 01:19:49]} {[%emt 00:06:14]} Nc6 {[%clk 01:28:27]} {[%emt 00:02:30]} 10.
b5 {[%clk 01:19:05]} {[%emt 00:01:15]} Ne5 {[%clk 01:28:23]} {[%emt 00:00:33]}
11. c5 {[%clk 01:18:15]} {[%emt 00:01:20]} Nxd3+ {[%clk 01:12:40]} {[%emt
00:16:14]} 12. Qxd3 {[%clk 01:18:39]} {[%emt 00:00:05]} e5 {[%clk 01:03:17]}
{[%emt 00:09:53]} 13. O-O {[%clk 01:14:32]} {[%emt 00:04:36]} Be6 {[%clk
01:00:20]} {[%emt 00:03:28]} 14. Rd1 {[%clk 01:06:27]} {[%emt 00:08:35]} Qd7
{[%clk 00:45:05]} {[%emt 00:15:45]} 15. b4 {[%clk 00:50:54]} {[%emt 00:16:02]}
Rfd8 {[%clk 00:42:31]} {[%emt 00:03:04]} 16. Bb2 {[%clk 00:49:50]} {[%emt
00:01:35]} Bf5 {[%clk 00:38:22]} {[%emt 00:04:39]} 17. Qd2 {[%clk 00:41:10]}
{[%emt 00:09:10]} Bg6 {[%clk 00:27:00]} {[%emt 00:11:52]} 18. f3 {[%clk
00:32:44]} {[%emt 00:08:56]} h6 {[%clk 00:24:42]} {[%emt 00:02:48]} 19. Ra5
{[%clk 00:23:28]} {[%emt 00:09:46]} Qe7 {[%clk 00:18:44]} {[%emt 00:06:28]} 20.
Ne2 {[%clk 00:16:19]} {[%emt 00:07:39]} b6 {[%clk 00:11:58]} {[%emt 00:07:16]}
21. Ra2 {[%clk 00:16:01]} {[%emt 00:00:48]} bxc5 {[%clk 00:07:45]} {[%emt
00:04:43]} 22. bxc5 {[%clk 00:16:26]} {[%emt 00:00:04]} Qxc5 {[%clk 00:06:13]}
{[%emt 00:02:03]} 23. Bxe5 {[%clk 00:16:49]} {[%emt 00:00:07]} Qxb5 {[%clk
00:04:47]} {[%emt 00:01:56]} 24. Bxf6 {[%clk 00:16:02]} {[%emt 00:01:17]} gxf6
{[%clk 00:05:15]} {[%emt 00:00:01]} 25. Nc3 {[%clk 00:16:07]} {[%emt 00:00:25]}
Qc5 {[%clk 00:04:13]} {[%emt 00:01:32]} 26. Nxd5 {[%clk 00:15:48]} {[%emt
00:00:50]} Kg7 {[%clk 00:03:08]} {[%emt 00:01:36]} 27. Ra5 {[%clk 00:15:30]}
{[%emt 00:00:47]} Qc2 {[%clk 00:02:24]} {[%emt 00:01:13]} 28. Qd4 {[%clk
00:15:37]} {[%emt 00:00:22]} Rd6 {[%clk 00:02:31]} {[%emt 00:00:24]} 29. e4
{[%clk 00:12:20]} {[%emt 00:03:47]} Rb8 {[%clk 00:02:29]} {[%emt 00:00:32]} 30.
Rd2 {[%clk 00:11:38]} {[%emt 00:01:12]} Rb1+ {[%clk 00:02:00]} {[%emt
00:00:58]} 31. Kf2 {[%clk 00:12:05]} {[%emt 00:00:03]} Qc1 {[%clk 00:02:25]}
{[%emt 00:00:05]} 32. Kg3 {[%clk 00:12:21]} {[%emt 00:00:14]} Qe1+ {[%clk
00:02:03]} {[%emt 00:00:53]} 33. Kh3 {[%clk 00:12:36]} {[%emt 00:00:15]} Rb3
{[%clk 00:01:55]} {[%emt 00:00:38]} 34. Ra4 {[%clk 00:01:54]} {[%emt 00:11:12]}
Bxe4 {[%clk 00:01:14]} {[%emt 00:01:11]} 35. Qxe4 {[%clk 00:02:15]} {[%emt
00:00:09]} Qxd2 {[%clk 00:01:37]} {[%emt 00:00:07]} 36. Nf4 {[%clk 00:02:06]}
{[%emt 00:00:39]} Rb5 {[%clk 00:01:43]} {[%emt 00:00:25]} 37. Rxa7 {[%clk
00:02:13]} {[%emt 00:00:23]} Rd7 {[%clk 00:01:11]} {[%emt 00:01:02]} 38. Ra8
{[%clk 00:01:50]} {[%emt 00:00:53]} Re5 {[%clk 00:01:11]} {[%emt 00:00:29]} 39.
Qc4 {[%clk 00:01:55]} {[%emt 00:00:25]} Rd8 {[%clk 00:00:57]} {[%emt 00:00:45]}
40. Ra7 {[%clk 00:01:51]} {[%emt 00:00:34]} Rd7 {[%clk 00:01:03]} {[%emt
00:00:24]} 41. Ra8 {[%clk 00:29:43]} {[%emt 00:02:38]} Rdd5 {[%clk 00:26:16]}
{[%emt 00:05:16]} 42. g4 {[%clk 00:23:11]} {[%emt 00:07:01]} Rc5 {[%clk
00:21:23]} {[%emt 00:05:24]} 0-1

[Event "World Cup 2023 Open"]
[Site "Baku, Azerbaijan"]
[Date "2023.08.05"]
[Round "20.21"]
[White "Dubov Daniil (FID)"]
[Black "Vocaturo Daniele (ITA)"]
[Result "0-1"]
[WhiteFideId "24126055"]
[BlackFideId "813192"]
[WhiteElo "2716"]
[BlackElo "2609"]

1. Nf3 {[%clk 01:30:56]} {[%emt 00:00:03]} Nf6 {[%clk 01:30:11]} {[%emt
00:00:48]} 2. c4 {[%clk 01:31:18]} {[%emt 00:00:09]} e6 {[%clk 01:30:27]}
{[%emt 00:00:14]} 3. g3 {[%clk 01:31:41]} {[%emt 00:00:07]} d5 {[%clk
01:30:36]} {[%emt 00:00:22]} 4. Bg2 {[%clk 01:32:04]} {[%emt 00:00:07]} d4
{[%clk 01:29:19]} {[%emt 00:01:47]} 5. d3 {[%clk 01:32:28]} {[%emt 00:00:06]}
Bb4+ {[%clk 01:28:23]} {[%emt 00:01:25]} 6. Nbd2 {[%clk 01:32:51]} {[%emt
00:00:07]} a5 {[%clk 01:24:45]} {[%emt 00:04:08]} 7. Ne5 {[%clk 01:33:14]}
{[%emt 00:00:07]} Qd6 {[%clk 01:15:39]} {[%emt 00:09:36]} 8. f4 {[%clk
01:24:05]} {[%emt 00:09:38]} Nbd7 {[%clk 01:15:17]} {[%emt 00:00:53]} 9. Nef3
{[%clk 01:10:06]} {[%emt 00:14:30]} Ng4 {[%clk 01:05:28]} {[%emt 00:10:19]} 10.
O-O {[%clk 01:09:58]} {[%emt 00:00:37]} Nc5 {[%clk 01:05:47]} {[%emt 00:00:12]}
11. Nb1 {[%clk 00:56:00]} {[%emt 00:14:27]} a4 {[%clk 00:57:20]} {[%emt
00:08:58]} 12. e4 {[%clk 00:40:26]} {[%emt 00:16:04]} Bd7 {[%clk 00:45:25]}
{[%emt 00:12:24]} 13. Qe2 {[%clk 00:38:30]} {[%emt 00:02:26]} Bc6 {[%clk
00:44:56]} {[%emt 00:00:59]} 14. Ne1 {[%clk 00:30:01]} {[%emt 00:08:59]} Ne3
{[%clk 00:38:16]} {[%emt 00:07:11]} 15. e5 {[%clk 00:26:55]} {[%emt 00:03:36]}
Qd7 {[%clk 00:35:39]} {[%emt 00:03:07]} 16. Bxc6 {[%clk 00:27:07]} {[%emt
00:00:19]} bxc6 {[%clk 00:35:15]} {[%emt 00:00:54]} 17. Bxe3 {[%clk 00:25:21]}
{[%emt 00:02:16]} dxe3 {[%clk 00:35:40]} {[%emt 00:00:05]} 18. Qxe3 {[%clk
00:24:01]} {[%emt 00:01:50]} Rd8 {[%clk 00:34:21]} {[%emt 00:01:49]} 19. Nc2
{[%clk 00:15:55]} {[%emt 00:08:36]} Nxd3 {[%clk 00:32:09]} {[%emt 00:02:41]} 20.
Nxb4 {[%clk 00:14:55]} {[%emt 00:01:30]} Nxb4 {[%clk 00:32:32]} {[%emt
00:00:07]} 21. Qe4 {[%clk 00:15:12]} {[%emt 00:00:14]} Qe7 {[%clk 00:22:04]}
{[%emt 00:10:58]} 22. Nc3 {[%clk 00:13:56]} {[%emt 00:01:46]} Qc5+ {[%clk
00:22:27]} {[%emt 00:00:07]} 23. Kh1 {[%clk 00:13:56]} {[%emt 00:00:30]} Nd3
{[%clk 00:18:51]} {[%emt 00:04:05]} 24. Rad1 {[%clk 00:11:53]} {[%emt
00:02:33]} Nxb2 {[%clk 00:15:53]} {[%emt 00:03:28]} 25. Rxd8+ {[%clk 00:11:53]}
{[%emt 00:00:30]} Kxd8 {[%clk 00:16:18]} {[%emt 00:00:05]} 26. Rb1 {[%clk
00:10:58]} {[%emt 00:01:25]} a3 {[%clk 00:13:43]} {[%emt 00:03:06]} 27. Na4
{[%clk 00:09:11]} {[%emt 00:02:18]} Qf2 {[%clk 00:07:51]} {[%emt 00:06:21]} 28.
Qxc6 {[%clk 00:03:26]} {[%emt 00:06:14]} Qc2 {[%clk 00:06:56]} {[%emt
00:01:26]} 29. Nc5 {[%clk 00:03:48]} {[%emt 00:00:08]} Qxb1+ {[%clk 00:06:30]}
{[%emt 00:00:56]} 30. Kg2 {[%clk 00:04:17]} Qd1 {[%clk 00:06:14]} {[%emt
00:00:47]} 31. Nb7+ {[%clk 00:04:36]} {[%emt 00:00:11]} Ke7 {[%clk 00:05:46]}
{[%emt 00:00:57]} 32. Qxc7+ {[%clk 00:05:00]} {[%emt 00:00:06]} Qd7 {[%clk
00:06:08]} {[%emt 00:00:08]} 33. Qc5+ {[%clk 00:05:29]} Ke8 {[%clk 00:06:32]}
{[%emt 00:00:06]} 34. Nd6+ {[%clk 00:05:58]} {[%emt 00:00:02]} Kd8 {[%clk
00:06:44]} {[%emt 00:00:18]} 35. Qxa3 {[%clk 00:05:03]} {[%emt 00:01:25]} Qc6+
{[%clk 00:03:40]} {[%emt 00:03:34]} 36. Kh3 {[%clk 00:05:27]} {[%emt 00:00:06]}
Nxc4 {[%clk 00:03:58]} {[%emt 00:00:12]} 37. Nxc4 {[%clk 00:05:52]} {[%emt
00:00:06]} Qxc4 {[%clk 00:04:21]} {[%emt 00:00:07]} 38. Qa8+ {[%clk 00:05:07]}
{[%emt 00:01:15]} Qc8 {[%clk 00:04:41]} {[%emt 00:00:10]} 39. Qa7 {[%clk
00:05:34]} {[%emt 00:00:03]} Ke8 {[%clk 00:04:26]} {[%emt 00:00:44]} 40. a4
{[%clk 00:05:59]} {[%emt 00:00:06]} Kf8 {[%clk 00:04:47]} {[%emt 00:00:09]} 41.
a5 {[%clk 00:06:24]} {[%emt 00:00:05]} g6 {[%clk 00:05:08]} {[%emt 00:00:09]}
42. a6 {[%clk 00:06:49]} {[%emt 00:00:05]} Kg7 {[%clk 00:05:32]} {[%emt
00:00:05]} 43. Qe7 {[%clk 00:06:22]} {[%emt 00:00:57]} Re8 {[%clk 00:05:40]}
{[%emt 00:00:23]} 44. Qf6+ {[%clk 00:06:51]} {[%emt 00:00:01]} Kg8 {[%clk
00:06:04]} {[%emt 00:00:05]} 45. Kg4 {[%clk 00:07:17]} {[%emt 00:00:05]} Qd8
{[%clk 00:06:17]} {[%emt 00:00:16]} 0-1